[Event "Mechanics' Fall TNM; G/2"]
[Site "San Francisco"]
[Date "2016.12.13"]
[Round "9.1"]
[White "Winslow, Elliott C"]
[Black "Bayaraa, Chinguun"]
[Result "1-0"]
[WhiteElo "2314"]
[BlackElo "2086"]
[Annotator "Winslow, E"]
[PlyCount "91"]
[EventDate "2016.??.??"]

1. d4 Nf6 2. c4 e6 3. Nc3 d5 4. cxd5 (4. Bg5 Nbd7 5. cxd5 exd5 6. e3 Be7 7. Bd3
O-O 8. Qc2 h6 9. Bh4 c5 {(c7-c5 picking up a tempo !?)} 10. Nge2 c4 11. Bf5 Re8
12. O-O Nb6 13. f3 Bxf5 (13... Nh5 14. Bf2 Bg5 15. Bxc8 Rxc8 16. g4 Nf6 17. f4
Nxg4 18. fxg5 Qxg5 19. Kh1 Qh5 20. Bg1 Rxe3 21. Nf4 Qg5 22. Qg2 Rce8 23. h3 h5
24. hxg4 hxg4 25. Bxe3 Rxe3 26. Qf2 g3 27. Qxe3 Qh5+ 28. Kg2 Qh2+ 29. Kf3 g5
30. Qe8+ Kg7 31. Qe5+ f6 32. Qe7+ Kg8 33. Qe8+ {
1-0 (33) Stluka,F (2137) -Vorsilka,J Klatovy 1999}) 14. Qxf5 Nh7 15. Bf2 Bg5
16. e4 Qc8 17. Qxc8 Raxc8 18. a4 a5 19. f4 Be7 20. e5 f5 {
0-1 (40) Sitsko,N-Smistik,M (2085) Morava 1996}) 4... exd5 5. Bg5 c6 6. Qc2 Be7
7. e3 O-O 8. Bd3 h6 {
The second time he played this here against me. How well prepared *is* he?} (
8... Nbd7 9. Nge2 {I thought I'd come up with a great new idea 50 years ago,
then later I thought it was Botvinnik, having played it first against Keres in
1952 -- the year I was born! But now I see *many* games by Alekhine! He mostly
played next 10.Ng3.} (9. Nf3) 9... Re8 10. O-O ({Marin gives} 10. f3 Nf8 {
and now White retreats his bishop with} 11. Bh4 $1 {
in order to avoid the simplifying manoeuvre ... Nh5. (Marin)}) 10... Nf8 11. f3
{is the "main line" according to Schandorff in his 2009 "Playing the Queen's
Gambit." And amazingly 19 different moves have been tried here! (And only two
are ridiculous, 11...Qd7 and 11...Qd6 -- or are they?)} (11. Rae1 {is what I pl
ayed when I had this position the first time, in the last round of the US Open
in Atlanta in ... 1967! It was a high-pressure game, I was White vs. Ignas
Zalys (2080 then, but a correspondence Master), a win would have given me
clear first "B" Prize! I outplayed him and .... lost.})) ({
Marin actually gives the move order} 8... Re8 9. Nge2 (9. Bxf6 $5 Bxf6 10.
Bxh7+ Kh8 11. Bd3 Bxd4) 9... Nbd7) 9. Bh4 {
I thought I'd go the other way this time.} (9. Bf4 {
was our game from Berkeley last July:} Nbd7 10. h3 Re8 11. O-O-O Nf8 12. Nf3
Ne6 (12... Be6 {was Winslow-Clemens, Alan Benson TNM 2016, which Silman was so
taken by that he wrote a column around it on chess.com: "A Rare and Brutal
Rook Configuration" (not my idea! -- for the title that is) https://www.chess.
com/article/view/ a-rare-and-brutal-rook-configuration}) 13. Bh2 b5 14. Ne5 Bb7
15. Kb1 Bd6 {and now I flail my kingside pawns at him:} 16. f4 a6 17. g4 Bxe5
$2 18. dxe5 Nd7 19. h4 $1 Ndf8 ({On} 19... Qxh4 {
I get to play a double sealer-sweeper:} 20. g5 hxg5 21. f5) 20. g5 h5 21. f5
Nc5 22. Be2 Ncd7 (22... g6 23. e6) 23. e6 fxe6 24. Bxh5 {
1-0 43, Winslow - C.Bayaraa, Berkeley July 2016}) 9... Nbd7 10. Nge2 c5 (10...
Re8 11. f3 $1 (11. O-O Ne4 12. Bxe7 Qxe7 13. Bxe4 dxe4 14. Ng3 Nf6 15. Rae1 b6
16. f3 exf3 17. Rxf3 c5 18. d5 Bg4 19. Rf4 Rad8 20. e4 Qe5 21. Ref1 h5 22. Qf2
Qd4 23. h3 h4 24. Nh1 {
1/2-1/2 (24) Donaldson Akhmilovskaya,E (2245) -Stadler,T (2120) Budapest 1985})
11... c5 12. O-O a6 13. Rad1 b5 14. Bf2 c4 15. Bf5 Nb6 $6 (15... b4 $1 {
Schandorff}) 16. Ng3 Bf8 17. a3 {Botvinnik-Larsen, Noordwijk 1965}) 11. O-O c4
12. Bf5 Nb6 13. f3 Re8 14. h3 $146 (14. Rae1 Bxf5 (14... Bd7 15. Bf2 Qc8 16. g4
Bd6 17. Ng3 Qc7 18. Kh1 Bf8 19. Bxd7 Qxd7 20. h3 Rac8 21. e4 dxe4 22. fxe4 Nh7
23. Be3 Rc6 24. Qg2 Rg6 25. Nf5 {
1-0 (44) Brito Garcia,A (2314)-Galvan Sarmiento,J (1978) Gran Canaria 2014})
15. Qxf5 Qd7 16. Qc2 Ng4 17. Bf2 Nxf2 18. Kxf2 Bh4+ 19. g3 Bf6 {
1/2-1/2 (40) Babula,V (2566) -Kempinski,R (2601) Lublin 2009}) (14. Kh1 Bxf5
15. Qxf5 Qd7 16. Qc2 Nh7 17. Bxe7 Rxe7 18. e4 f6 19. Rad1 Qd6 20. Ng3 Qd7 21.
Nxd5 Nxd5 22. Qxc4 Rc8 23. Qb3 Re6 24. Qxd5 Qxd5 25. exd5 Rb6 26. Rd2 {
1-0 (51) Varga,P (2478) -Doric,D (2276) Kostrena 2003}) (14. Bf2 Bd7 (14... Bd6
15. Rae1 a6 16. g4 Nbd7 17. e4 dxe4 18. fxe4 Nxg4 19. Bxg4 Qg5 20. e5 Qxg4+ 21.
Ng3 Bb4 22. Re4 Qg6 23. Nd5 Ba5 24. Nf4 {
1-0 (36) Maciol,R (2205)-Ali,G (1827) Leicester 2010}) 15. Ng3 g6 16. Bxg6 fxg6
17. Qxg6+ Kh8 18. Qxh6+ Nh7 {0-1 (27) Stolte,A (2055)-Teupe,U Germany 1989}) (
14. Bxc8 Rxc8 15. Rad1 Qd7 16. Bxf6 $1 {
Reducing Black's influence in the centre even more. (Marin)} Bxf6 17. e4 Be7
18. a3 {Preventing Bb4xc3 which would somewhat relief Black's position. (Marin)
} Bd6 19. e5 Be7 20. f4 $16 {Black has nothing to compensate for White's king
side attack. Besides, he has permanent worries with his d5-pawn. (Marin)} f5
21. g4 g6 22. Ng3 Rf8 23. gxf5 gxf5 24. Kh1 Kh8 25. Qg2 Rc6 26. Qh3 Rg6 27. Rg1
Qe6 28. Rdf1 Rg4 29. Nd1 Rh4 30. Qg2 Rg4 31. Ne3 Rg7 32. Qc2 Rgf7 33. Rg2 Bh4
34. Rfg1 Bxg3 35. Rxg3 Qe7 36. Qg2 {
1-0 (36) Goldin,A (2615)-Vucic,M (2374) Minneapolis 2005 CBM 107 [Marin,M]})
14... Be6 15. g4 {Did I just move all my kingside pawns one after another
*again*? (See our previous game, above)} (15. Bxe6 fxe6) 15... Qd7 16. Bxe6
Qxe6 17. Bf2 Bd6 18. Rae1 Nh7 19. Kg2 g6 20. e4 Kg7 21. e5 Bc7 22. Be3 Nf8 23.
Ng3 Rad8 24. f4 Qc6 25. Qd2 Nh7 26. f5 g5 27. f6+ Kh8 28. Kg1 Qd7 29. Nf5 Nc8
30. Nxh6 Rg8 31. Nf5 (31. Nxg8 Rxg8 32. Rf5) 31... Rg6 32. Qg2 b5 33. Ne7 Nxe7
34. fxe7 Qxe7 35. Nxd5 Qd7 36. Nxc7 Qxc7 37. Rd1 (37. Rf5) 37... Kg8 38. Rf5 c3
39. d5 c2 (39... b4) 40. Rc1 Qa5 41. d6 Qb4 42. Qxc2 Rh6 43. Kg2 (43. Rxf7 $1)
43... Kg7 44. a3 (44. Rxf7+ $2) 44... Qa5 45. Qc7 Qxc7 46. Rxc7 1-0

[Event "Mechanics' Alan Benson TNM; G/2"]
[Site "San Francisco"]
[Date "2016.08.16"]
[Round "3.6"]
[White "Winslow, Elliott C"]
[Black "Clemens, Kristian"]
[Result "1-0"]
[WhiteElo "2321"]
[BlackElo "1959"]
[Annotator "Winslow"]
[PlyCount "57"]
[EventDate "2016.??.??"]

1. d4 d5 2. c4 e6 3. Nc3 Nf6 4. Bg5 Be7 5. e3 Nbd7 6. cxd5 exd5 7. Qc2 c6 8.
Bd3 h6 9. Bf4 O-O 10. h3 Re8 11. O-O-O Nf8 12. Nf3 Be6 (12... c5 13. dxc5 Ne6
14. Be5 Nxc5 15. Bb5 Rf8 16. Bxf6 Bxf6 17. Nxd5 {
0-1 (60) Lazarev,V (2441) -Peng,X (2193) Bangkok 2014}) 13. Kb1 (13. g4 b5 (
13... N6h7 14. Rdg1 (14. Kb1 Rc8 15. Rhg1 (15. Na4 {
1-0 (25) Shchekachev,A (2505)-Hielscher,U (2132) Seefeld 1999}) 15... c5 16.
dxc5 Rxc5 17. Nd4 {1-0 (33) Steen,P (2167) -Vanhauwaert,K (1798) Gent 2007}) (
14. Rhg1 g5 15. Be5 f6 16. h4 fxe5 17. Bxh7+ {
1-0 (23) Chasovnikova,E (2338)-Schwilk,M (1973) Schwaebisch Gmuend 2009}) 14...
Ng5 15. Nd2 c5 16. dxc5 Bxc5 17. h4 Ne4 {
1/2 (25)-1/2 (25) Saunders,S (2057)-Chang,M (1829) Sackville 2001}) 14. Kb1 b4
(14... a6 15. g5 hxg5 16. Nxg5 Bd6 17. Ne2 Ne4 18. Nxe4 dxe4 19. Bxe4 {
1-0 (34) Kas Fromm,R (2105) -Rendon,M Thessaloniki 1984}) 15. Na4 Ne4 16. Ne5
Rc8 17. f3 f6 {
1/2 (38)-1/2 (38) Baumbach,F (2345) -Atotubo,R (2205) Philadelphia 1993}) 13...
Rc8 (13... b5 14. Ne5 Rc8 15. g4 Qa5 16. f3 N6d7 17. h4 Nb6 {
0-1 (45) Vilela de Acuna,J (2410)-Ortega,L (2440) Havana 1986}) (13... Qa5 14.
g4 N6d7 15. Rhg1 b5 16. Ne2 Rec8 17. g5 h5 18. g6 f6 19. Ng3 c5 20. Nf5 Bd8 21.
dxc5 d4 22. b3 Rxc5 23. Qb2 {
1-0 (34) Hurme,H (2180)-Haanila,E (1988) Naantali 2012}) (13... a6 14. Ne5 c5
15. Bf5 cxd4 16. exd4 Rc8 17. Qd3 Bb4 18. Bd2 Bxc3 19. Bxc3 Bxf5 20. Qxf5 Qb6
21. Rd3 {1-0 (54) Mitzel,R (1949)-Carty,P (1549) Bad Griesbach 2000}) 14. g4 c5
15. dxc5 (15. Bb5 Bd7 16. Bxd7 Qxd7 17. dxc5 Rxc5 18. Qb3 Ng6 19. Ne5 Qe6 20.
Nxg6 fxg6 21. Rd4 g5 22. Bg3 b6 23. Rhd1 Rd8 24. f3 $4 (24. e4 $16) 24... Qxe3
{1/2 (40)-1/2 (40) Knaak,R (2520)-Kholmov,R (2550) Halle 1978}) 15... Bxc5 16.
Be5 $2 (16. g5 hxg5 17. Nxg5 Qe7) (16. Rhg1) 16... N8d7 17. Bd4 a6 $2 (17...
Ne4 18. Bxe4 dxe4 19. Ne5 (19. Bxc5 exf3 20. Bd6 (20. Bd4 b5) (20. Ba3 Qa5 21.
Qa4 Qxa4 22. Nxa4 f5) 20... Nf6 21. Qa4 Qb6 22. Qb4 Qc6) 19... Nxe5 20. Bxe5
Qb6 (20... Qa5 21. Qa4 Qxa4 22. Nxa4 Bxa2+ 23. Kxa2 Rxe5 24. Rd7 Be7 (24... b5
25. Nc3 a6 26. Rhd1)) 21. Bd4 Bc4 22. Na4 (22. Bxc5 Qxc5 23. Ka1 Bd3 24. Qd2
Red8 25. Rc1 Qb4 26. h4 b5) 22... Qa6 23. Nxc5 Qxa2+ 24. Kc1 Bd3 25. Qc3 b6)
18. Rhg1 (18. g5 hxg5 19. Nxg5 Bxd4 20. exd4 b5) 18... b5 $6 (18... Ne4 19.
Bxe4 dxe4 20. Bxc5 exf3) 19. a3 Bd6 $4 {
Black's hesitancy finally catches up to him;} (19... Ne4 $1) (19... Bxd4 20.
Nxd4 Ne5) 20. g5 hxg5 21. Rxg5 $1 ({Stockfish 7 says} 21. Nxg5 $1 $18 {
but my little computer probably didn't let it see what happened in the game in
the time I allowed it to run.}) 21... Nc5 (21... Bf8 22. Rdg1 Nc5) 22. Rdg1 Bf8
23. Bxf6 $3 {
"Can it really be that simple?" (Benjamin Gates, _National Treasure_)} (23.
Bh7+ Nxh7 (23... Kh8 $5 {wasn't so convincing as the game}) 24. Rxg7+ Bxg7 25.
Rxg7+ Kf8 26. Qxh7 Ke7 27. Qh6 Kd7 28. Ne5+ Kc7 29. Nxf7 Bxf7 30. Bxc5) 23...
Qxf6 24. Bh7+ Kh8 25. Rh5 Qxf3 (25... Bd6 26. Ng5 {sets up} -- 27. Bg8+ Kxg8 (
27... Qh6 28. Rxh6+ Kxg8 29. Rh8+) 28. Rh8+ Kxh8 29. Qh7#) 26. Rg4 $3 {
When the computer sees this, its eval jumps.} Qh1+ (26... Qxg4 27. hxg4 Bd6 28.
Bf5+ Kg8 29. Bxe6 fxe6 {is more mundane, but +-}) 27. Nd1 f5 (27... Bd6 28.
Be4+ Kg8 29. Bxh1) 28. Bg6+ $1 Kg8 29. Rgh4 1-0

[Event "Mechanics' Winter TNM; G/2"]
[Site "San Francisco"]
[Date "2016.02.02"]
[Round "5.1"]
[White "Winslow, Elliott C"]
[Black "Critelli, James Ma"]
[Result "0-1"]
[WhiteElo "2311"]
[BlackElo "2366"]
[Annotator "Winslow"]
[PlyCount "146"]
[EventDate "2016.??.??"]

1. d4 Nf6 2. c4 e6 3. Nf3 a6 (3... b6 4. Nc3 Bb4 5. e3) 4. Nc3 c5 5. d5 exd5 (
5... b5 6. Bg5 {is an odd Blumenfeld} b4 7. Ne4 d6 (7... Be7 8. Bxf6 (8. d6
Nxe4 9. Bxe7 Qb6) 8... Bxf6 9. Qc2 $14 (9. Qd2 d6 10. dxe6 (10. a3) 10... Bxe6
11. O-O-O)) 8. a3 $5 (8. Nxf6+ $5 gxf6 9. Bd2 f5 10. a3 bxa3 11. Rxa3 $14 {
Chernin,A-Alburt,L/JUG zt/1987/})) 6. cxd5 d6 (6... b5 7. d6) 7. a4 g6 8. Nd2
Nfd7 $6 (8... Nbd7 9. e4 Bg7 10. Nc4 (10. Be2 O-O 11. O-O Re8) 10... Nb6) 9. e4
(9. Nc4 $1 Ne5 10. Nxe5 dxe5 11. e4 $16) 9... Bg7 10. Nc4 (10. a5 $5 b5 11.
axb6 Nxb6) (10. Be2 $1 O-O 11. O-O Re8 12. Kh1 $16) 10... Ne5 11. Ne3 O-O 12.
f4 Ned7 13. Bd3 Re8 14. O-O Bd4 15. Qf3 Qh4 (15... Qe7) (15... Nf6 16. Kh1 Nbd7
) 16. g3 (16. Ne2 $1) (16. h3 $1) 16... Qh3 $2 (16... Qe7 17. Kg2 $14) 17. Ncd1
Nf6 18. Nf2 Qh5 19. Qxh5 (19. Kg2 $16) 19... gxh5 20. Re1 Re7 21. Kg2 Ne8 22.
Nc4 Nd7 23. Be3 Bg7 24. e5 (24. a5 Rb8 25. e5) 24... dxe5 25. d6 $6 (25. fxe5
Nxe5 26. Bxc5 Rc7 27. b4 $18 Bh3+ 28. Kxh3 Nxc4 29. Bxc4 Bxa1 30. Rxa1 b6 31.
Ne4 bxc5 32. bxc5) 25... Re6 26. Ne4 $6 (26. Bf5 Rxd6 27. fxe5 $1 (27. Nxd6
Nxd6 28. Bd3 $14) 27... Rc6 28. Be4 Re6 29. a5) 26... exf4 27. Bxf4 b6 28. Ng5
Bb7+ (28... Rxe1 29. Bxh7+ Kf8 30. Rxe1 Nef6 31. Bf5 $16) 29. Kh3 $1 Rxe1 30.
Rxe1 (30. Bxh7+ Kh8 31. Rxe1 Nef6 $16 (31... f6 32. Be4 {
I had seen this, then forgot it when the position arose.} Bxe4 33. Nxe4 b5 34.
axb5 axb5 35. Ne3 $16)) 30... h6 $2 (30... Nef6 31. Re7 Bd5 $11) 31. Ne4 $2 (
31. Nxf7 $1 Kxf7 32. Re7+ Kf8 33. Rxd7 Bc8 34. Nxb6 Nf6 (34... Bxd7+ 35. Nxd7+
Kf7 36. Nxc5) 35. Nxa8 Bxd7+ 36. Kh4 Nd5 37. Nc7 Nxf4 38. gxf4 Bxb2 39. Nxa6
$16) 31... b5 $11 32. Na5 Bd5 33. Nc3 Be6+ 34. Kg2 c4 $2 (34... b4) (34... Nef6
) 35. Be4 Rc8 36. Nc6 (36. Bc6) (36. axb5 axb5 37. Bc6) 36... Bf8 37. axb5 Nxd6
$2 (37... axb5 38. Nxb5) 38. Bxd6 Bxd6 39. Rd1 $6 (39. bxa6 $18 Bc5 40. a7 Kg7
41. Na4) 39... Bc5 40. Nd5 $4 (40. bxa6 $18) 40... Kf8 $17 41. Nf4 Bg4 42. Rd5
axb5 43. h3 Rxc6 44. hxg4 Rd6 45. Rxh5 $6 (45. Rxd6 Bxd6 46. Bc6 Ne5 47. Bxb5
hxg4 $19) 45... Rd2+ 46. Kh3 $2 Nf6 47. Rxc5 Nxe4 48. Rc8+ Ke7 49. g5 hxg5 50.
Nh5 f5 51. g4 f4 52. Ng7 Nf2+ 53. Kg2 Nxg4+ 54. Kf3 Ne5+ 55. Ke4 Re2+ 56. Kf5
f3 57. Rc7+ Kd6 58. Ne8+ Kd5 59. Nf6+ Kd4 60. Rc8 f2 61. Rd8+ Kc5 (61... Ke3)
62. Rd1 Re1 63. Ne4+ Kb4 (63... Rxe4 64. Kxe4 Nd3) 64. Nxf2 Rxd1 65. Nxd1 Nd3
66. Kxg5 Nxb2 67. Nxb2 c3 68. Nd3+ Kc4 69. Nc1 b4 70. Kf4 b3 71. Nxb3 Kxb3 72.
Ke3 c2 73. Kd3 c1=Q {
0-1 (73) Winslow,E (2311)-Critelli,J (2366) San Francisco 2016 [Belov]} 0-1

[Event "Mechanics' Spring TNM; G/2"]
[Site "San Francisco"]
[Date "2016.03.15"]
[Round "1.2"]
[White "Winslow, Elliott C"]
[Black "Dupree, Charles"]
[Result "1-0"]
[WhiteElo "2295"]
[BlackElo "1630"]
[Annotator "Winslow"]
[PlyCount "59"]
[EventDate "2016.??.??"]

1. d4 Nf6 2. c4 e6 3. Nf3 Bb4+ 4. Nbd2 b6 5. a3 Bxd2+ 6. Qxd2 Bb7 7. e3 a5 8.
b3 d5 (8... d6 9. Be2 (9. Bb2) 9... Nbd7 10. Bb2 O-O 11. O-O) (8... O-O 9. Bb2
d6 10. Be2 Nbd7 11. O-O Ne4 (11... Qe7) 12. Qc1 $5 $146 (12. Qc2 f5 13. Rad1 (
13. Ne1 Qg5 14. Bc1 Qg6 15. f3 Ng5 16. Nd3 c5 17. Qc3 Nf7 18. Nf2 Rae8 19. Bb2
cxd4 20. exd4 e5 21. d5 Qf6 22. b4 $14 {
Chevallier,D-Kosten,A/FRA-chT 1993/0-1 (55)}) 13... Qe7 $142 (13... Ng5 $6 14.
Nd2 f4 $6 (14... Nh3+ 15. Kh1 Qh4 16. Bf3 Bxf3 17. Nxf3 Qh5 $5) 15. e4 Rf6 16.
c5 $1 {[%csl Gb2,Gf6]} Nf8 17. c6 (17. f3 $142 $16) 17... Ba6 18. Bxa6 Rxa6 19.
e5 Rg6 20. f3 d5 21. Qd3 Ra8 22. Kf2 $4 Nh3+ {
0-1 Munhbayar,L-Enkhbat,T/MGL-ch Erdenet 1994}) (13... Kh8 $6 14. d5 e5 15. Nd2
Nxd2 16. Rxd2 Qh4 17. f4 Rae8 18. Bd3 $1 exf4 19. exf4 Nc5 20. Bxf5 Nxb3 21.
Rd3 Re1 (21... Rxf5 22. Rh3) 22. Rxb3 $18 {
1-0 Browne,W-Weinstein,N/ New York 1984 (26)})) (12. Qd3 f5 13. Nd2 e5 14. f3
Nxd2 15. Qxd2 Qe7 16. Rac1 e4 17. d5 exf3 18. Rxf3 Ne5 $11 {
1/2-1/2 Miles,A-Seirawan,Y/USA-ch 1988 (29)}) 12... f5 13. Ne1 {And now white's
idea becomes clear,after 13...Qg5 14 f3 the e3pawn is protected by queen.} Qh4
$6 (13... Qe7 $142 14. f3 Nef6 15. Nd3 e5 16. Nf2 {with complicated play.}) 14.
f3 Ng5 15. Nd3 {1-0 (45) Atalik,S (2555) -Mencinger,V (2395) Ljubljana 1997
CBM 058 ext [Avrukh,B]}) 9. Bb2 O-O 10. Rc1 Nbd7 11. Be2 Ne4 (11... Rc8 12. O-O
Ne4 13. Qd1 f5 14. Nd2 Qg5 15. f4 Qe7 16. Nxe4 fxe4 17. Bg4 Nf6 18. Be2 a4 19.
c5 Qd7 20. cxb6 cxb6 21. Rxc8 Rxc8 22. bxa4 Bc6 23. Qb3 Bxa4 24. Qxb6 Qe8 25.
Qb4 Rb8 26. Qd2 Bb5 27. Bc3 Bxe2 28. Qxe2 Rb3 29. Bb4 Qc6 30. h3 Nd7 31. Qf2 g6
32. Qh4 Rxe3 33. Qd8+ Kg7 34. Qe7+ Kg8 35. Qe8+ {
1-0 (35) Browne,W (2560)-Burnett,R (2305) USA 1990}) 12. Qc2 Rc8 13. O-O Qe7 (
13... f5) 14. Nd2 Nxd2 15. Qxd2 c5 16. Bf3 Rfd8 17. Rfd1 Rc7 $6 18. cxd5 (18.
dxc5 Nxc5 19. b4) 18... Bxd5 19. Bxd5 exd5 20. dxc5 Nxc5 21. Qd4 f6 22. Rc3 Ne4
$6 23. Rxc7 Qxc7 24. Rc1 Qd6 25. b4 Ra8 26. f3 Ng5 27. Qd3 (27. bxa5 bxa5 28.
Qc5 Qe6 29. Bd4) 27... axb4 28. axb4 Ne6 29. Qb5 Nc7 $4 {Diagram [#]} (29...
Rb8 $14) 30. Rxc7 1-0

[Event "Mechanics' Alan Benson TNM; G/2"]
[Site "San Francisco"]
[Date "2016.08.30"]
[Round "5.8"]
[White "Winslow, Elliott C"]
[Black "Kim, Isaiah"]
[Result "1-0"]
[WhiteElo "2321"]
[BlackElo "1900"]
[PlyCount "39"]
[EventDate "2016.??.??"]

1. d4 Nf6 2. c4 e6 3. Nf3 b6 4. Nc3 Bb4 5. e3 Bb7 6. Bd3 Ne4 7. Qc2 f5 8. O-O
Nxc3 9. bxc3 Bxf3 10. gxf3 Qg5+ 11. Kh1 Bd6 12. f4 Qf6 13. Rg1 Nc6 14. Be2 O-O
15. Bd2 Rab8 16. Rg3 Na5 17. Rag1 Rf7 18. Bh5 Bf8 19. Bxf7+ Qxf7 20. Qa4 1-0

[Event "Mechanics' Summer TNM; G/2"]
[Site "San Francisco"]
[Date "2016.06.28"]
[Round "6.1"]
[White "Winslow, Elliott C"]
[Black "Lee, Andy C"]
[Result "0-1"]
[WhiteElo "2330"]
[BlackElo "2390"]
[Annotator "Donaldson"]
[PlyCount "90"]
[EventDate "2016.??.??"]

1. e4 e6 2. d4 d5 3. Nd2 Be7 4. e5 c5 5. Qg4 Kf8 6. Ndf3 h5 7. Qg3 Nh6 8. Bd3
Nc6 9. c3 cxd4 10. Nxd4 Nxd4 11. cxd4 Bd7 12. Ne2 Qb6 13. O-O Bb5 14. Bxh6 Rxh6
15. Rfc1 Bc6 16. Rc2 Ba4 17. b3 Bc6 18. Kh1 Kg8 19. Rf1 Rf8 20. Qe3 f6 21. Ng1
fxe5 22. Qxe5 Qd8 23. Nf3 {Diagram [#]} (23. Qe3) 23... Rxf3 $1 24. gxf3 Bd6
$15 25. Qe2 Qh4 26. f4 Qxf4 27. f3 Qxd4 28. Bb5 Qb6 29. Bxc6 bxc6 30. Rfc1 c5
31. Qe3 Rf6 32. Rg1 Bf8 33. Rcg2 Qb7 34. Qe5 Qf7 35. Re1 Kh7 36. Rf1 Rf5 37.
Qe2 e5 38. Rgf2 Bd6 39. Rg2 Bf8 40. Rfg1 Rxf3 41. Qxe5 h4 42. Rg5 d4 43. Rh5+
Kg8 44. Rxh4 $4 (44. Rhg5) (44. Qd5) 44... Re3 45. Qh5 Qb7+ 0-1

[Event "Mechanics' Summer TNM; G/2"]
[Site "San Francisco"]
[Date "2016.05.31"]
[Round "2.2"]
[White "Winslow, Elliott C"]
[Black "Lewis, Edward Mich"]
[Result "1-0"]
[WhiteElo "2330"]
[BlackElo "1911"]
[Annotator "Winslow"]
[PlyCount "71"]
[EventDate "2016.??.??"]

1. e4 g6 2. d4 Bg7 3. Nc3 d6 4. Nf3 Nf6 5. h3 O-O 6. Be3 Nc6 (6... c6) (6... a6
) (6... Nbd7) (6... Na6) (6... b6) 7. Qd2 (7. d5 $5 Nb8 (7... Ne5 $5 8. Nxe5
dxe5 9. Bc4 a6 10. a4 Re8)) 7... Re8 (7... e5 $5 8. d5 (8. O-O-O) (8. dxe5 $5))
(7... a6) ({Relevant:} 7... e5 8. dxe5 {'!?' Winslow,Elliott.} Nxe5 9. Nxe5
dxe5 10. Bc4 Qxd2+ 11. Kxd2 c6 12. a4 Nh5 13. g3 Re8 14. Ne2 Rd8+ 15. Ke1 Bf8
16. Nc1 Kg7 17. Nd3 Re8 18. a5 f5 19. exf5 Bxf5 20. Ke2 Nf6 21. g4 Be4 22. Rhg1
Nd5 23. Bxd5 Bxd5 24. b3 Kg8 25. Nc5 Bxc5 26. Bxc5 a6 27. c4 Be6 28. Bb6 Re7
29. Rad1 Rae8 30. Rg3 Rd7 31. Rxd7 Bxd7 32. Ke3 e4 33. Rg1 Kf7 34. Rd1 Bc8 35.
Kf4 h5 36. Bd8 Rf8 37. Kg5 {
Durarbayli,V (2614)-Kamsky,G (2681) Bilbao 2014 1-0 (77)}) (7... d5 8. e5 Ne4
$2 (8... Ne8 $5) 9. Nxe4 dxe4 10. Ng5) 8. O-O-O d5 $2 (8... a6) (8... e5) 9. e5
Ne4 (9... Nd7 10. Nxd5 Nf8 11. Nc3 {
1-0 (42) Meszaros,M (2315)-Janos,M (2145) Slovakia 2004}) 10. Nxe4 dxe4 11. Ng5
a5 12. Bc4 Rf8 13. Nxe4 Rb8 14. Nc3 a4 15. a3 Na5 16. Be2 c6 17. Nxa4 {
"I can resist everything except temptation." - Oscar Wilde} b5 18. Nc5 Qb6 19.
Qb4 Qc7 20. f4 Rd8 21. g4 Bf8 22. Qe1 Rd5 23. Bd2 Nb7 24. Na6 Qb6 25. Nxb8 Nd8
26. Bf3 Qxb8 27. Bxd5 cxd5 28. Rf1 f5 29. exf6 exf6 30. Qe8 Qc7 31. Bb4 Ne6 32.
f5 Bd7 33. Qa8 Bc6 34. Qa5 Bxb4 35. axb4 gxf5 36. gxf5 {[%emt 0:49:40]} 1-0

[Event "Mechanics' Fall TNM; G/2"]
[Site "San Francisco"]
[Date "2016.11.22"]
[Round "6.6"]
[White "Winslow, Elliott C"]
[Black "Manvelyan, Hovik"]
[Result "1-0"]
[WhiteElo "2314"]
[BlackElo "2007"]
[PlyCount "57"]
[EventDate "2016.??.??"]

1. e4 e6 2. d4 d5 3. Nd2 c5 4. Ngf3 cxd4 5. Nxd4 Nc6 6. Nxc6 bxc6 7. Bd3 Nf6 8.
Qe2 Qb6 9. O-O a5 10. b3 Ba6 11. Bb2 Bc5 12. c4 Bd4 13. Bxd4 Qxd4 14. Rac1 O-O
15. Nf3 Qa7 16. e5 Nd7 17. Bxh7+ Kxh7 18. Ng5+ Kg6 19. Rc3 Nxe5 20. Rg3 f6 21.
Nxe6+ Kf7 22. Rxg7+ Kxe6 23. Rxa7 Rxa7 24. f4 dxc4 25. fxe5 cxb3 26. Qg4+ f5
27. Qg6+ Kxe5 28. Re1+ Kd4 29. Qd6+ 1-0

[Event "Mechanics' Winter TNM; G/2"]
[Site "San Francisco"]
[Date "2016.01.19"]
[Round "3.1"]
[White "Winslow, Elliott C"]
[Black "Mays, Jerry L"]
[Result "1-0"]
[WhiteElo "2311"]
[BlackElo "1982"]
[PlyCount "59"]
[EventDate "2016.??.??"]

1. d4 d6 2. e4 g6 3. Nc3 Bg7 4. Nf3 Nf6 5. h3 O-O 6. Be3 Nbd7 7. e5 Ne8 8. Qd2
c5 9. exd6 exd6 10. dxc5 Nxc5 11. Bxc5 Qa5 12. Bd4 Nf6 13. O-O-O Be6 14. a3
Rac8 15. Kb1 Bc4 16. Bxc4 Rxc4 17. Bxf6 Bxf6 18. Nd5 Qd8 19. Nxf6+ Qxf6 20.
Qxd6 Qf5 21. Qd3 Qc8 22. Rhe1 Qc7 23. Ne5 Rf4 24. Qe3 g5 25. g3 Rf5 26. g4 Rf4
27. Nd3 Rd8 28. Nxf4 Rxd1+ 29. Rxd1 gxf4 30. Qe8+ 1-0